01371nam a2200337Ia 4500001001200000003000800012006001900020007001500039008004100054020001800095020001800113040002100131035002100152050002500173100002200198245008500220246007700305246003400382250001600416260004100432300001900473500008000492500002000572533015200592650005600744650004400800655002900844710001700873856012600890999001701016ebr10639752CaPaEBRm u cr cn|||||||||130111s2012 enka s 001 0 eng d z9781849686907 z9781849686914 aCaPaEBRcCaPaEBR a(OCoLC)84759519914aTH438.4b.K45 2012eb1 aKelly, Stephen D.10aOracle Primavera contract managementh[electronic resource] /cStephen D. Kelly.3 aOracle Primavera contract management business intelligence publisher v1430aPrimavera contract management aVersion 14. aBirmingham, UK :bPackt Pub.,c2012. a189 p. :bill. a"Oracle Primavera contract management business intelligence publisher v14." aIncludes index. aElectronic reproduction.bPalo Alto, Calif. :cebrary,d2013.nAvailable via World Wide Web.nAccess may be limited to ebrary affiliated libraries. 0aConstruction industryxManagementxData processing. 0aProduction schedulingxData processing. 7aElectronic books.2local2 aebrary, Inc.40uhttp://site.ebrary.com/lib/rucke/Doc?id=10639752zAn electronic book accessible through the World Wide Web; click to view c48358d48358